Naval kulový kohout pro páru.

Saved in:
Bibliographic Details
Corporate Author: Naval OY (Laitila) (Author)
Format: Book
Language:Czech
Published: [S.l.] : [s.n.], [2011]
Edition:[1. vyd.]
Subjects:
Online Access: Get full text
Tags: Add Tag
No Tags, Be the first to tag this record!

MARC

LEADER 00000nam a2200000 4500
003 SK-BrCVT
005 20220617230958.0
008 110323s2011 fi e ||||||cze d
035 |a CVTIDW0006709 
040 |b slo  |a CVTI SR  |e AACR2 
041 0 |a cze 
044 |a fi 
080 |a 673.6  |2 UDC-MRF 
110 2 |a Naval OY (Laitila)  |4 aut 
245 1 0 |a Naval kulový kohout pro páru. 
250 |a [1. vyd.] 
260 |a [S.l.] :  |b [s.n.],  |c [2011] 
300 |a [4 s.] :  |b fotogr., obr., tab. ; 
653 1 |a guľový ventil 
653 1 |a guľový kohút 
856 4 |u http://www.naval.fi 
910 |b F031515 
959 |a 6405 
974 |a agnesa.remenarova  |f Firemná literatúra 
992 |a FFP 
999 |c 165695  |d 165695